Szczegóły MARC21

Raport roczny 2005 : sprawozdanie z działalności pożytku publicznego Terenowego Komitetu Oc hrony Praw Dziecka w Szczecinie /

005 -DATA I CZAS OSTATNIEJ MODYFIKACJI [,]
    • @
    • pole kontrolne
    • 20070315155141.9
040 -Instytucja sporządzająca opis [ , ]
    • a
    • Instytucja, która sporządziła opis (NP)
    • SZCZ U
    • c
    • Instytucja, która sporządziła rekord (NP)
    • SZCZ U
041 -Język dokumentu [0, ]
    • a
    • Język tekstu (P)
    • polski
    • h
    • Język tekstu oryginalnego i/lub pośredniego (P)
    • polski
942 -Rodzaj dokumentu [ , ]
    • c
    • Rodzaj dokumentu
    • Książka
245 -Strefa tytułu i oznaczenia odpowiedzialności [0, ]
    • a
    • Tytuł
    • Raport roczny 2005 : Find
    • b
    • Ciąg dalszy tytułu (NP)
    • sprawozdanie z działalności pożytku publicznego Terenowego Komitetu Oc hrony Praw Dziecka w Szczecinie / Find
    • c
    • Pozostałe elementy strefy tytułu i oznaczenia odpowiedzialności (NP)
    • Terenowy Komitet Ochrony Praw Dziecka w Szczecinie.
260 -Strefa adresu wydawniczego [ , ]
    • a
    • Miejsce wydania (P)
    • Szczecin :
    • b
    • Nazwa wydawcy (P)
    • Komitet Ochrony Praw Dziecka,
    • c
    • Data wydania (P)
    • 2006.
300 -Strefa opisu fizycznego [ , ]
    • a
    • Określenie formy książki i/lub objętość (NP)
    • 22 s. :
    • b
    • Oznaczenie ilustracji (NP)
    • il. :
    • c
    • Format (NP)
    • 24 cm.
080 -Uniwersalna Klasyfikacja Dziesiętna [ , ]
    • a
    • Symbol klasyfikacji
    • 341.231.14-053.2(058)
080 -Uniwersalna Klasyfikacja Dziesiętna [ , ]
    • a
    • Symbol klasyfikacji
    • :342.7-053.2(438)(058)
980 -Symbol UKD [ , ]
    • a
    • UKD
    • 341.231.14-053.2:342.7-053.2(438)](058)
Numer inwentarzowy Status udost. Data inwentaryzacji Lokalizacja
Pd.17742-152006-05-23BG